000 00434nam a2200133 4500
008 110603019921992-ph chich
090 _aBV4249.C5
_bH19t
100 1 _aHao, Siu Eng
245 1 0 _aTo Him be the glory {ch} /
_cHao Siu Eng .
260 _aManila :
_bChurch of God Bookroom,
_cc1992.
300 _a386 p.
650 4 _aSermons, Chinese {ch}
951 _pC-8473
_x00034955
_oBV4249.C5/H19t-3
_j070613111640812
_d2000-12-21
_cFIL-CH
999 _c29360
_d29360